Brugalla, maestro encuadernador, en la Biblioteca de la Real Academia de la Historia / (Record no. 184689)
[ view plain ]
| 000 -LEADER | |
|---|---|
| campo de control de longitud fija | 01251nam a2200301 i 4500 |
| 001 - NÚMERO DE CONTROL | |
| campo de control | 184689 |
| 003 - IDENTIFICADOR DE NÚMERO DE CONTROL | |
| campo de control | ES-MaACL |
| 005 - FECHA Y HORA DE LA ÚLTIMA TRANSACCIÓN | |
| campo de control | 20251014063259.0 |
| 008 - DATOS DE LONGITUD FIJA--INFORMACIÓN GENERAL | |
| campo de control de longitud fija | 151113s2015 sp ac |||| |dspa d |
| 020 ## - NÚMERO INTERNACIONAL ESTÁNDAR DEL LIBRO | |
| Número Internacional Estándar del Libro | 978-84-15069-51-5 |
| 080 ## - NÚMERO DE LA CLASIFICACIÓN DECIMAL UNIVERSAL | |
| Número de la Clasificación Decimal Universal | 686.1 Brugalla Turmo, Emilio |
| 080 ## - NÚMERO DE LA CLASIFICACIÓN DECIMAL UNIVERSAL | |
| Número de la Clasificación Decimal Universal | 017.1(460.27 M.) |
| 080 ## - NÚMERO DE LA CLASIFICACIÓN DECIMAL UNIVERSAL | |
| Número de la Clasificación Decimal Universal | 095(460)"19" |
| 100 1# - ENTRADA PRINCIPAL--NOMBRE DE PERSONA | |
| Nombre de persona | García Herranz, Ana, |
| Fechas asociadas al nombre | 1972- |
| 9 (RLIN) | 158130 |
| 245 10 - MENCIÓN DEL TÍTULO | |
| Título | Brugalla, maestro encuadernador, en la Biblioteca de la Real Academia de la Historia / |
| Mención de responsabilidad, etc. | Ana García Herranz, Antonio Carpallo Bautista. |
| 260 ## - PUBLICACIÓN, DISTRIBUCIÓN, ETC. | |
| Lugar de publicación, distribución, etc. | [Madrid] : |
| Nombre del editor, distribuidor, etc. | Real Academia de la Historia, |
| Fecha de publicación, distribución, etc. | [2015] |
| 300 ## - DESCRIPCIÓN FÍSICA | |
| Extensión | 161 p. : |
| Otras características físicas | il. col. y n., retr. ; |
| Dimensiones | 24 cm. |
| 504 ## - NOTA DE BIBLIOGRAFÍA, ETC. | |
| Nota de bibliografía, etc. | Bibliografía: p. [119]-121. |
| 600 17 - PUNTO DE ACCESO ADICIONAL DE MATERIA--NOMBRE DE PERSONA | |
| Nombre de persona | Brugalla Turmo, Emilio, |
| Fechas asociadas al nombre | 1901-1987 |
| Fuente del encabezamiento o término | |
| 9 (RLIN) | 158131 |
| 650 #7 - PUNTO DE ACCESO ADICIONAL DE MATERIA--TÉRMINO DE MATERIA | |
| Término de materia o nombre geográfico como elemento de entrada | Encuadernación artística- |
| Subdivisión geográfica | Real Academia de la Historia (España). Biblioteca. |
| 9 (RLIN) | 158132 |
| 650 #7 - PUNTO DE ACCESO ADICIONAL DE MATERIA--TÉRMINO DE MATERIA | |
| Término de materia o nombre geográfico como elemento de entrada | Manuscritos- |
| Subdivisión de forma | Catálogos. |
| 9 (RLIN) | 136460 |
| 700 1# - ENTRADA AGREGADA--NOMBRE PERSONAL | |
| Nombre de persona | Carpallo Bautista, Antonio. |
| 9 (RLIN) | 158133 |
| 710 2# - ENTRADA AGREGADA--NOMBRE DE ENTIDAD CORPORATIVA | |
| Nombre de entidad corporativa o nombre de jurisdicción como elemento de entrada | Real Academia de la Historia (España) |
| 9 (RLIN) | 6309 |
| 852 ## - LOCALIZACIÓN | |
| Ubicación | ES-MaACL |
| Número de control de estantería | A-13622 |
| itemnumber | 191699 |
| Sublocalización o colección | R.150855 |
| Ubicación en estantería | Depósito 1 |
| Signatura antigua | Olim:N-6622 |
| Donativo/Legado | Donación: Ana García Herranz |
| 903 ## - NOMBRE PERSONAL DE DONANTE | |
| a | García Herranz, Ana, |
| d | 1972- |
| e | Donante |
| 9 | 158130 |
| 942 ## - ELEMENTOS DE ENTRADA SECUNDARIOS (KOHA) | |
| Fuente del sistema de clasificación o colocación | Clasificación decimal universal |
| Estatus retirado | Estado de pérdida | Fuente del sistema de clasificación o colocación | Estado de daño | No para préstamo | Biblioteca de origen | Biblioteca actual | Ubicación en estantería | Fecha de adquisición | Fuente de adquisición | Total de préstamos | Signatura topográfica completa | Código de barras | Visto por última vez | Precio de reemplazo | Tipo de ítem Koha |
|---|---|---|---|---|---|---|---|---|---|---|---|---|---|---|---|
| Clasificación decimal universal | Biblioteca del Ateneo de Madrid | Biblioteca del Ateneo de Madrid | Depósito 1 | 13/11/2015 | Donación | A-13622 | 1194458 | 23/02/2023 | 23/02/2023 | Libro impreso |
